000 00653nam a22001817a 4500
999 _c5898
_d5898
003 AR-CdUCM
008 190313b ||||| |||| 00| 0 spa d
040 _aMUNICIPALIDAD PROVINCIAL DEL CUSCO
_cBIBLIOTECA MUNICIPAL DEL CUSCO
082 _a869.25 /
_bR87
100 _aRoxlo, Conrado Nalé
_917383
245 _aGenio y Figueroa de Alfonsina Storni :
260 _aBuenos Aires :
_bUniversitaria de Buenos Aires,
_c1964.
300 _a191 paginas ;
_c18 cm.
500 _aDonación de la Familia Nieto.
505 _aContenido; Biografia de Paulina y Alfonso -- Obras de Alfonsina Storni -- Indice de poemas.
942 _2ddc
_cLIBROS
945 _aAlvina